| 000 | 00448nam a2200181 4500 | ||
|---|---|---|---|
| 001 | 7755 | ||
| 005 | 20230410123558.0 | ||
| 008 | 060907n1998 dr spa | ||
| 020 | _a271112925X | ||
| 035 | _9funglode7821 | ||
| 041 | _aFR | ||
| 050 | 1 | 4 | _aKJV 3252.5 L933d 1998 |
| 100 | _aLucas, Andrés | ||
| 245 | 1 |
_aDroit d'auteur et numérique / _cAndrés Lucas |
|
| 260 |
_aParis: Litec, _c1998 |
||
| 300 | _a355 p | ||
| 942 |
_2lcc _cbk |
||
| 999 |
_c64256 _d64256 |
||